[Event "4NCL Division Four"]
[Site "Daventry, ENG"]
[Date "2023.01.07"]
[Round "3.46"]
[White "Horwood, Alexander"]
[Black "Lee, Xander"]
[Result "1/2-1/2"]
[WhiteElo "1239"]
[BlackElo "1221"]
[PlyCount "103"]
[EventDate "2023.01.07"]
[WhiteTeam "Cambridge University Y1"]
[BlackTeam "Barnet Knights C"]

1. e4 e5 2. Nf3 Nc6 3. d4 exd4 4. Nxd4 Bc5 5. Nb3 Bb6 6. Nc3 Nf6 7. Qe2 d6 8.
Be3 Bxe3 9. Qxe3 O-O 10. O-O-O a5 11. Nd4 Bd7 12. Nxc6 Bxc6 13. f3 Re8 14. Qf2
a4 15. a3 Ra5 16. h4 b5 17. h5 b4 18. axb4 Rxh5 19. Rxh5 Nxh5 20. g4 Qg5+ 21.
Kb1 Nf4 22. b5 Bd7 23. Nxa4 Rb8 24. Nc3 Qf6 25. Qd4 Qg5 26. Qa7 Qd8 27. e5 Be6
28. Qd4 Ng6 29. exd6 c6 30. bxc6 Qa5 31. Qa4 Qxc3 32. b3 Bxb3 33. cxb3 Rxb3+
34. Qxb3 Qxb3+ 35. Kc1 Qc3+ 36. Kb1 Qxf3 37. Rc1 Qb3+ 38. Ka1 Qa3+ 39. Kb1 Qxd6
40. c7 Qb4+ 41. Ka2 Ne7 42. c8=Q+ Nxc8 43. Rxc8+ Qf8 44. Rxf8+ Kxf8 45. Kb3 Ke7
46. Kc3 Kf6 47. Kd4 Kg5 48. Be2 f5 49. gxf5 Kxf5 50. Bd3+ Kf4 51. Bxh7 g5 52.
Be4 1/2-1/2

[Event "4NCL Division Four"]
[Site "Daventry, ENG"]
[Date "2023.01.07"]
[Round "3.51"]
[White "Davis, Lee"]
[Black "Kothari, Jai"]
[Result "1-0"]
[WhiteElo "2090"]
[BlackElo "1915"]
[PlyCount "87"]
[EventDate "2023.01.07"]
[WhiteTeam "The Full Ponty"]
[BlackTeam "Guildford Young Guns"]

1. Nf3 Nf6 2. d4 c5 3. c4 cxd4 4. Nxd4 g6 5. g3 Bg7 6. Bg2 O-O 7. Nc3 Nc6 8.
O-O a6 9. h3 e6 10. Be3 Qc7 11. Rc1 Ne7 12. Qd2 Re8 13. Rfd1 Rb8 14. b3 b6 15.
Nf3 Qa7 16. Bf4 Ra8 17. Ne5 Rb8 18. Nd3 Rb7 19. Bxb7 Bxb7 20. Ne5 d5 21. cxd5
Nexd5 22. Nxd5 Nxd5 23. Nc4 Ba8 24. e4 Nf6 25. f3 Nh5 26. Qd7 Qxd7 27. Rxd7
Nxf4 28. gxf4 Rc8 29. Rcd1 Bf6 30. Nxb6 Rb8 31. Nxa8 Rxa8 32. Rc1 a5 33. Rcc7
Rf8 34. Kf1 Bh4 35. Ke2 Bg3 36. Ra7 Bxf4 37. Rxa5 Rc8 38. Raa7 e5 39. Kd3 f5
40. Rg7+ Kf8 41. Rxh7 Kg8 42. Rag7+ Kf8 43. Rh8+ Kxg7 44. Rxc8 1-0

[Event "4NCL Division Four"]
[Site "Daventry, ENG"]
[Date "2023.01.07"]
[Round "3.52"]
[White "Sachdeva, Ronit"]
[Black "Adams, Mark"]
[Result "1/2-1/2"]
[WhiteElo "1820"]
[BlackElo "2016"]
[PlyCount "47"]
[EventDate "2023.01.07"]
[WhiteTeam "Guildford Young Guns"]
[BlackTeam "The Full Ponty"]

1. Nf3 c5 2. e3 Nf6 3. d4 d5 4. b3 Bf5 5. Be2 e6 6. O-O Be7 7. Bb2 Nbd7 8. Nbd2
O-O 9. Re1 Rc8 10. Nh4 Bg6 11. Nxg6 hxg6 12. Bf1 Qa5 13. a3 Qc7 14. Rc1 Rfd8
15. c4 Qb8 16. dxc5 Nxc5 17. b4 Nce4 18. Nxe4 Nxe4 19. Qb3 dxc4 20. Bxc4 Nd2
21. Qa2 Nxc4 22. Rxc4 Rxc4 23. Qxc4 Qd6 24. Qd4 1/2-1/2

[Event "4NCL Division Four"]
[Site "Daventry, ENG"]
[Date "2023.01.07"]
[Round "3.53"]
[White "Fletcher, John"]
[Black "Sefton, Adam"]
[Result "1-0"]
[WhiteElo "2014"]
[BlackElo "1708"]
[PlyCount "87"]
[EventDate "2023.01.07"]
[WhiteTeam "The Full Ponty"]
[BlackTeam "Guildford Young Guns"]

1. d4 e6 2. e4 d5 3. Nd2 Nf6 4. e5 Nfd7 5. Bd3 c5 6. c3 Nc6 7. Ne2 Qb6 8. Nf3
c4 9. Bc2 Qc7 10. O-O Nb6 11. Bf4 Bd7 12. b3 Be7 13. Nd2 Na5 14. b4 Nc6 15. a4
a5 16. b5 Na7 17. Ng3 O-O-O 18. Be3 f6 19. exf6 gxf6 20. Qh5 Kb8 21. Bh6 Rdg8
22. Qf7 Qd6 23. Nge4 dxe4 24. Nxe4 Qd5 25. Qxe7 Rg6 26. Bf4+ Ka8 27. Qc5 f5 28.
Ng3 Qxc5 29. dxc5 Nd5 30. Be5 Rc8 31. Bd4 Nf4 32. Be5 Nd5 33. Rad1 Rxc5 34.
Nxf5 exf5 35. Bd4 Rc8 36. Bxa7 Kxa7 37. Rxd5 Rd8 38. Rfd1 Rdg8 39. Rxd7 Rxg2+
40. Kf1 Rxh2 41. Rf7 Rh1+ 42. Ke2 Re8+ 43. Kd2 Rxd1+ 44. Bxd1 1-0

[Event "4NCL Division Four"]
[Site "Daventry, ENG"]
[Date "2023.01.07"]
[Round "3.54"]
[White "Welling, Zac"]
[Black "Perrett, David C"]
[Result "1/2-1/2"]
[WhiteElo "1450"]
[BlackElo "1959"]
[PlyCount "67"]
[EventDate "2023.01.07"]
[WhiteTeam "Guildford Young Guns"]
[BlackTeam "The Full Ponty"]

1. e4 Nf6 2. e5 Nd5 3. c4 Nb6 4. c5 Nd5 5. Nc3 e6 6. Nxd5 exd5 7. d4 b6 8. cxb6
axb6 9. Nf3 Be7 10. Be2 O-O 11. O-O d6 12. h3 Nd7 13. Bf4 dxe5 14. dxe5 Nc5 15.
Nd4 Ne6 16. Nc6 Qe8 17. Nxe7+ Qxe7 18. Bh2 Bb7 19. f4 f5 20. Bf3 Kh8 21. Qb3
Nd4 22. Qc3 c5 23. Kh1 Nxf3 24. Qxf3 d4 25. Qb3 Qc7 26. Rac1 Rfd8 27. a3 Qc6
28. Rf2 b5 29. Qd3 g6 30. Qg3 c4 31. Rd2 Qe6 32. Bg1 d3 33. Bc5 Rac8 34. Bb4
1/2-1/2

[Event "4NCL Division Four"]
[Site "Daventry, ENG"]
[Date "2023.01.07"]
[Round "3.55"]
[White "Hughes, Anthony"]
[Black "Twisk, Sebastian"]
[Result "0-1"]
[WhiteElo "1967"]
[BlackElo "1500"]
[PlyCount "116"]
[EventDate "2023.01.07"]
[WhiteTeam "The Full Ponty"]
[BlackTeam "Guildford Young Guns"]

1. c4 e5 2. Nc3 Bb4 3. e4 Bxc3 4. dxc3 Nf6 5. f3 d6 6. Be3 Be6 7. Bd3 Nbd7 8.
b3 Nc5 9. Bc2 a5 10. Qd2 a4 11. b4 Ncd7 12. Bd3 O-O 13. g4 Nb6 14. Qe2 a3 15.
Nh3 Na4 16. Kd2 c5 17. Rhc1 h5 18. Bg5 cxb4 19. cxb4 Qb6 20. Rab1 Nb2 21. Bxf6
Qxb4+ 22. Ke3 gxf6 23. Qd2 Qxd2+ 24. Kxd2 Rfc8 25. Nf2 hxg4 26. Nxg4 Bxg4 27.
Rg1 Ra4 28. Rxg4+ Kf8 29. h4 Nxc4+ 30. Bxc4 Raxc4 31. Rxb7 Rc2+ 32. Kd1 Rxa2
33. Ra7 Ra1+ 34. Kd2 a2 35. Rg2 Rcc1 36. Ra8+ Ke7 37. Ra7+ Ke6 38. Rg8 Rd1+ 39.
Ke2 f5 40. Re8+ Kf6 41. Rf8 Re1+ 42. Kf2 Rf1+ 43. Ke2 fxe4 44. Rfxf7+ Ke6 45.
Rfe7+ Kd5 46. fxe4+ Kxe4 47. Ra4+ Kd5 48. Ra5+ Kc6 49. Ra6+ Kb5 50. Rxa2 Rfe1+
51. Kd2 Rxa2+ 52. Kxe1 Rh2 53. Rh7 e4 54. h5 Kc4 55. Rh8 e3 56. Rd8 d5 57. Rd6
d4 58. Rd8 Kd3 0-1

[Event "4NCL Division Four"]
[Site "Daventry, ENG"]
[Date "2023.01.07"]
[Round "3.56"]
[White "Butcher, Nathaniel"]
[Black "Davies, Peter"]
[Result "0-1"]
[WhiteElo "1450"]
[BlackElo "1879"]
[PlyCount "94"]
[EventDate "2023.01.07"]
[WhiteTeam "Guildford Young Guns"]
[BlackTeam "The Full Ponty"]

1. c4 e5 2. g3 g6 3. Bg2 Bg7 4. Nc3 Ne7 5. e3 O-O 6. Nge2 c6 7. O-O d6 8. d4
Qc7 9. Qc2 Be6 10. b3 d5 11. cxd5 cxd5 12. Ba3 Rc8 13. Rfd1 exd4 14. exd4 Nbc6
15. Bxe7 Nxe7 16. Qd2 Qd7 17. Na4 b6 18. Rac1 Bg4 19. Re1 Bh3 20. Nf4 Bxg2 21.
Kxg2 Nf5 22. Ne2 Bh6 23. Rxc8+ Rxc8 24. Qd3 Bg7 25. Nac3 Qe6 26. Kf1 Qc6 27.
Rc1 Bh6 28. Rc2 b5 29. b4 Nd6 30. a3 a6 31. Kg1 Nc4 32. Ra2 Bf8 33. Qf3 Nb6 34.
Kf1 Qc4 35. Qe3 Qb3 36. Qf4 Na4 37. Qd2 Nxc3 38. Rb2 Qc4 39. Rc2 Ne4 40. Rxc4
Nxd2+ 41. Kg2 Rxc4 42. h4 Nb3 43. Kf3 Nxd4+ 44. Nxd4 Rxd4 45. Ke3 Rc4 46. Kd3
Bg7 47. Kd2 Rc3 0-1

[Event "4NCL Division Four"]
[Site "Daventry, ENG"]
[Date "2023.01.07"]
[Round "3.61"]
[White "Leadbetter, Scott"]
[Black "Pedersen, Carsten"]
[Result "0-1"]
[WhiteElo "1609"]
[BlackElo "2084"]
[PlyCount "62"]
[EventDate "2023.01.07"]
[WhiteTeam "Crowthorne B"]
[BlackTeam "Celtic Tigers 2"]

1. Nf3 Nf6 2. d3 d5 3. Nbd2 e6 4. e4 b6 5. c3 Be7 6. e5 Nfd7 7. b4 c5 8. b5 a6
9. d4 axb5 10. Bxb5 Ba6 11. Qa4 Qc7 12. O-O O-O 13. Rb1 Rc8 14. Re1 Ra7 15.
Bxa6 Rxa6 16. Qb3 Qa7 17. Ra1 Nc6 18. Bb2 b5 19. Qc2 cxd4 20. cxd4 Nb6 21. Qb3
Nc4 22. Rec1 Rb8 23. Nxc4 bxc4 24. Qc2 Rxa2 25. Rxa2 Qxa2 26. Bc3 Qxc2 27. Rxc2
Rb1+ 28. Ne1 Nxd4 29. Rb2 Rxb2 30. Bxb2 c3 31. Bc1 Ne2+ 0-1

[Event "4NCL Division Four"]
[Site "Daventry, ENG"]
[Date "2023.01.07"]
[Round "3.62"]
[White "Skulte, Christopher"]
[Black "Shek, Daniel"]
[Result "0-1"]
[WhiteElo "2080"]
[BlackElo "1549"]
[PlyCount "117"]
[EventDate "2023.01.07"]
[WhiteTeam "Celtic Tigers 2"]
[BlackTeam "Crowthorne B"]

1. e4 c5 2. Nf3 d6 3. Nc3 Nf6 4. e5 dxe5 5. Nxe5 Bd7 6. Be2 Nc6 7. Nc4 Nd4 8.
a4 e6 9. b3 Be7 10. Bb2 O-O 11. O-O Qc7 12. Bd3 Bc6 13. Re1 Qf4 14. h3 Nf3+ 15.
Kf1 Nxe1 16. Qxe1 Qh2 17. f3 Nh5 18. Qe5 Qxe5 19. Nxe5 Rac8 20. Nxc6 Rxc6 21.
Bb5 Rc7 22. Bc4 Bf6 23. Re1 Rd7 24. d3 Bd4 25. g4 Nf4 26. h4 Nd5 27. Nd1 Bxb2
28. Nxb2 a6 29. a5 Rfd8 30. Na4 Kf8 31. Nxc5 Rc7 32. d4 Ke7 33. Kf2 h6 34. Re5
Nf6 35. c3 Nd7 36. Nxd7 Rdxd7 37. f4 Rd6 38. h5 Rc8 39. Ke3 Kd7 40. Kd2 Re8 41.
Re1 f6 42. Kc2 Re7 43. Bd3 Rd5 44. Bc4 Rd6 45. Bd3 Re8 46. Be4 Rc8 47. d5 Rxd5
48. Bxd5 exd5 49. Kd3 Rc5 50. Ra1 Kd6 51. Kd4 Rc8 52. Re1 Rc7 53. f5 Kd7 54.
Re3 Kd6 55. Re6+ Kd7 56. Rb6 Ke7 57. Kxd5 Rxc3 58. Rxb7+ Kf8 59. b4 0-1

[Event "4NCL Division Four"]
[Site "Daventry, ENG"]
[Date "2023.01.07"]
[Round "3.63"]
[White "Rao, Shree"]
[Black "Quinn, John M"]
[Result "0-1"]
[WhiteElo "1553"]
[BlackElo "2084"]
[PlyCount "68"]
[EventDate "2023.01.07"]
[WhiteTeam "Crowthorne B"]
[BlackTeam "Celtic Tigers 2"]

1. c4 Nf6 2. Nc3 g6 3. d4 Bg7 4. g3 O-O 5. Bg2 d6 6. Nf3 Nbd7 7. e4 e5 8. d5
Nc5 9. Qc2 a5 10. O-O Bd7 11. Be3 Nh5 12. Nd2 f5 13. f3 f4 14. Bxc5 dxc5 15. g4
Nf6 16. Rfd1 Ne8 17. Nf1 Nd6 18. b3 h5 19. h3 hxg4 20. hxg4 Bf6 21. Bh1 Kg7 22.
Rd2 Rh8 23. Rh2 Qe7 24. Re1 Rxh2 25. Nxh2 Bh4 26. Re2 Bg3 27. Rg2 Rh8 28. Nf1
Qh4 29. Nxg3 fxg3 30. Kf1 Qxh1+ 31. Rg1 Qxf3+ 32. Ke1 Rh2 33. Ne2 Bxg4 34. Rf1
Rxe2+ 0-1

[Event "4NCL Division Four"]
[Site "Daventry, ENG"]
[Date "2023.01.07"]
[Round "3.64"]
[White "Cranston, Adam"]
[Black "McKean, Matthew"]
[Result "1-0"]
[WhiteElo "1669"]
[BlackElo "1529"]
[PlyCount "57"]
[EventDate "2023.01.07"]
[WhiteTeam "Celtic Tigers 2"]
[BlackTeam "Crowthorne B"]

1. d4 d5 2. Bf4 c5 3. e3 Nc6 4. c3 Bf5 5. Nd2 e6 6. Ngf3 Nf6 7. Bb5 a6 8. Bxc6+
bxc6 9. Ne5 Qb6 10. Qb3 Qxb3 11. axb3 cxd4 12. exd4 c5 13. dxc5 Bxc5 14. b4 Bb6
15. O-O O-O 16. Ra3 a5 17. Rfa1 a4 18. Rxa4 Rxa4 19. Rxa4 Rc8 20. Ra1 Ne4 21.
Nxe4 Bxe4 22. Nd7 Bd8 23. Nc5 Bg6 24. b3 f6 25. Nxe6 Bc2 26. Nxd8 Rxd8 27. b5
d4 28. b6 Rd7 29. Ra7 1-0

[Event "4NCL Division Four"]
[Site "Daventry, ENG"]
[Date "2023.01.07"]
[Round "3.65"]
[White "Coates, Christine"]
[Black "White, John"]
[Result "0-1"]
[WhiteElo "1339"]
[BlackElo "1523"]
[PlyCount "125"]
[EventDate "2023.01.07"]
[WhiteTeam "Crowthorne B"]
[BlackTeam "Celtic Tigers 2"]

1. d4 Nf6 2. Bf4 c5 3. Nf3 cxd4 4. Bxb8 Rxb8 5. Nxd4 a6 6. e3 d6 7. Be2 e5 8.
Nf3 Qc7 9. O-O h6 10. h3 Be7 11. Nbd2 Be6 12. c4 O-O 13. Rc1 Qd7 14. b3 Nh7 15.
Qc2 f5 16. e4 Ng5 17. Rfd1 Qc8 18. Bd3 f4 19. Nxg5 hxg5 20. Nf3 g4 21. hxg4
Bxg4 22. Be2 Qe6 23. c5 Rbc8 24. Qc4 Rxc5 25. Qxe6+ Bxe6 26. Bc4 Bxc4 27. Rxc4
Rxc4 28. bxc4 Rc8 29. Nd2 Kf7 30. a4 Ke6 31. Rb1 Rc7 32. f3 Kd7 33. Kf1 Kc8 34.
Ke2 Bh4 35. Kd3 Bf2 36. Rf1 Be3 37. Nb1 Bd4 38. Rh1 g5 39. Rh6 Rc6 40. Rg6 Rb6
41. Nd2 Kc7 42. Rxg5 Rb4 43. a5 Kc6 44. Rg6 b6 45. axb6 Rxb6 46. g4 fxg3 47.
Rxg3 Bf2 48. Rh3 Be1 49. Rh1 Bxd2 50. Kxd2 Kc5 51. Rc1 Rb2+ 52. Ke1 a5 53. Ra1
Kb4 54. Rd1 a4 55. Rxd6 a3 56. Ra6 a2 57. Kd1 Rb1+ 58. Kc2 a1=Q 59. Rxa1 Rxa1
60. c5 Kxc5 61. Kd2 Kd4 62. Ke2 Ra2+ 63. Kf1 0-1

[Event "4NCL Division Four"]
[Site "Daventry, ENG"]
[Date "2023.01.07"]
[Round "3.66"]
[White "Sturt, Charles A"]
[Black "Rao, Saachi"]
[Result "1-0"]
[WhiteElo "1600"]
[BlackElo "859"]
[PlyCount "45"]
[EventDate "2023.01.07"]
[WhiteTeam "Celtic Tigers 2"]
[BlackTeam "Crowthorne B"]

1. e4 c5 2. d4 cxd4 3. c3 dxc3 4. Nxc3 Nc6 5. Nf3 d6 6. Bc4 Bg4 7. Bxf7+ Kxf7
8. Ng5+ Ke8 9. Qxg4 Nf6 10. Qd1 h6 11. Ne6 Qd7 12. Nd5 Kf7 13. Ndf4 g5 14. Nxf8
Kxf8 15. Ng6+ Kg7 16. Nxh8 Kxh8 17. h4 Rg8 18. hxg5 Nxe4 19. Rxh6+ Kg7 20. Qh5
Kf8 21. Rh7 Qe8 22. Qh6+ Rg7 23. Qxg7# 1-0

[Event "4NCL Division Four"]
[Site "Daventry, ENG"]
[Date "2023.01.07"]
[Round "3.71"]
[White "Wilks, Simon"]
[Black "Mehta, Sophie"]
[Result "0-1"]
[WhiteElo "1908"]
[BlackElo "1507"]
[PlyCount "68"]
[EventDate "2023.01.07"]
[WhiteTeam "Iceni 2"]
[BlackTeam "She Plays to Win Young Stars"]

1. c4 Nf6 2. Nc3 d6 3. d4 g6 4. Bg5 Bg7 5. Nf3 Bg4 6. e3 Nbd7 7. Be2 O-O 8. O-O
c6 9. h3 Bxf3 10. Bxf3 Nb6 11. Qb3 Qd7 12. Rfd1 d5 13. cxd5 Nbxd5 14. Na4 b6
15. Rac1 Rac8 16. a3 h6 17. Bh4 Rfe8 18. Bg3 e6 19. Nc3 Nxc3 20. Rxc3 Nd5 21.
Rc2 f5 22. e4 Nf6 23. exf5 gxf5 24. Be5 Ne4 25. Bxg7 Qxg7 26. Bxe4 fxe4 27. Rc3
Kh8 28. Rg3 Qf7 29. Qe3 Qh7 30. Rg4 Rg8 31. Rxe4 Qg6 32. g3 Rce8 33. Re1 Qh5
34. Rh4 Qxh4 0-1

[Event "4NCL Division Four"]
[Site "Daventry, ENG"]
[Date "2023.01.07"]
[Round "3.72"]
[White "Zhang, Yichen"]
[Black "Gibbs, Dominic V"]
[Result "0-1"]
[WhiteElo "1366"]
[BlackElo "1960"]
[PlyCount "62"]
[EventDate "2023.01.07"]
[WhiteTeam "She Plays to Win Young Stars"]
[BlackTeam "Iceni 2"]

1. d4 e6 2. c4 f5 3. Nc3 Nf6 4. Nf3 Bb4 5. Bd2 O-O 6. e3 d5 7. Be2 c6 8. O-O
Bd6 9. Rc1 Nbd7 10. cxd5 exd5 11. a3 Ne4 12. b4 a6 13. Na4 Kh8 14. Nc5 Qe7 15.
g3 g5 16. Ne1 f4 17. Ned3 f3 18. Bxf3 Nxd2 19. Qxd2 Rxf3 20. Nxd7 Bxd7 21. Kg2
Qe4 22. Kg1 Bh3 23. Ne1 Raf8 24. a4 Rxe3 25. f3 Re2 26. Qd1 Qe3+ 27. Kh1 Bxf1
28. Rc2 Rxe1 29. Qxe1 Qxe1 30. Rg2 Be2+ 31. Rg1 Bxf3# 0-1

[Event "4NCL Division Four"]
[Site "Daventry, ENG"]
[Date "2023.01.07"]
[Round "3.73"]
[White "Rosenbach, Martin"]
[Black "Ashton, Alannah"]
[Result "1-0"]
[WhiteElo "1899"]
[BlackElo "1330"]
[PlyCount "83"]
[EventDate "2023.01.07"]
[WhiteTeam "Iceni 2"]
[BlackTeam "She Plays to Win Young Stars"]

1. c4 e5 2. g3 Nf6 3. Bg2 d5 4. cxd5 Nxd5 5. Nc3 Nb6 6. Nf3 Nc6 7. O-O Be7 8.
b3 O-O 9. Bb2 Re8 10. d3 Bf8 11. Rc1 Bg4 12. Ne4 Nd4 13. Ned2 Nxf3+ 14. Nxf3 e4
15. dxe4 Rxe4 16. Qxd8 Rxd8 17. e3 Bxf3 18. Bxf3 Re7 19. Bxb7 Rd2 20. Ba3 Red7
21. Bxf8 Kxf8 22. a4 c5 23. Bc6 Rc7 24. Rxc5 Rb2 25. Rfc1 Rxb3 26. a5 Nc8 27.
Be4 Rxc5 28. Rxc5 Nd6 29. Bd5 Ra3 30. e4 f6 31. Rc6 Nb5 32. a6 Ke8 33. Bc4 Ra5
34. Rc5 Ra4 35. Kg2 Nd6 36. Bd3 Kd8 37. e5 fxe5 38. Rxe5 Ra3 39. Be2 h6 40. Re6
Kc7 41. Re7+ Kb6 42. Rxg7 1-0

[Event "4NCL Division Four"]
[Site "Daventry, ENG"]
[Date "2023.01.07"]
[Round "3.74"]
[White "Bharathi Mugilan, Dhanyadha"]
[Black "Ruthen, Stephen W"]
[Result "0-1"]
[WhiteElo "1241"]
[BlackElo "1857"]
[PlyCount "72"]
[EventDate "2023.01.07"]
[WhiteTeam "She Plays to Win Young Stars"]
[BlackTeam "Iceni 2"]

1. d4 Nf6 2. Nf3 g6 3. Bf4 Bg7 4. e3 O-O 5. Be2 d6 6. O-O b6 7. c4 Bb7 8. Nc3
Nbd7 9. Qd2 Ne4 10. Nxe4 Bxe4 11. Bg3 e6 12. Rac1 Qe7 13. b3 g5 14. h3 Rad8 15.
Qd1 e5 16. d5 Bg6 17. Qd2 f5 18. Rfd1 Nc5 19. Bh2 Rde8 20. Re1 h5 21. Red1 g4
22. hxg4 fxg4 23. Ne1 Rxf2 24. Bg3 Rf7 25. Bd3 e4 26. Bc2 h4 27. Bf4 Be5 28.
Bxe5 Qxe5 29. Qe2 Qg3 30. b4 Nd7 31. a3 Ref8 32. Rb1 Rf2 33. Qxf2 Qxf2+ 34. Kh1
g3 35. Nd3 exd3 36. Bxd3 Be4 0-1

[Event "4NCL Division Four"]
[Site "Daventry, ENG"]
[Date "2023.01.07"]
[Round "3.75"]
[White "Feavyour, John A"]
[Black "Mouskos, Mia"]
[Result "1/2-1/2"]
[WhiteElo "1844"]
[BlackElo "1279"]
[PlyCount "56"]
[EventDate "2023.01.07"]
[WhiteTeam "Iceni 2"]
[BlackTeam "She Plays to Win Young Stars"]

1. d4 d5 2. c4 e6 3. Nc3 Nf6 4. Bg5 c6 5. e3 Bb4 6. Bd3 Qa5 7. Bxf6 Bxc3+ 8.
bxc3 Qxc3+ 9. Kf1 gxf6 10. cxd5 exd5 11. Ne2 Qa5 12. Qc2 h6 13. Nf4 Rg8 14. Nh5
Nd7 15. Bf5 Qd8 16. Rb1 Nb6 17. Bxc8 Rxc8 18. Qh7 Rf8 19. Qxh6 Qe7 20. Qxf6 Qa3
21. Ng7+ Kd7 22. Nf5 Qd3+ 23. Ke1 Qxb1+ 24. Ke2 Qc2+ 25. Ke1 Qc1+ 26. Ke2 Qc2+
27. Ke1 Qc1+ 28. Ke2 Qc2+ 1/2-1/2

[Event "4NCL Division Four"]
[Site "Daventry, ENG"]
[Date "2023.01.07"]
[Round "3.76"]
[White "Scott, Jane"]
[Black "Gaffney, Samuel"]
[Result "1/2-1/2"]
[WhiteElo "1077"]
[BlackElo "1833"]
[PlyCount "31"]
[EventDate "2023.01.07"]
[WhiteTeam "She Plays to Win Young Stars"]
[BlackTeam "Iceni 2"]

1. e4 d5 2. exd5 Qxd5 3. Nc3 Qa5 4. d4 Nf6 5. Nf3 Bf5 6. Bd3 e6 7. O-O Nbd7 8.
Bf4 c6 9. Ne5 Bg6 10. Re1 Be7 11. Nc4 Qd8 12. Nd6+ Bxd6 13. Bxd6 Nb6 14. Be5
O-O 15. Bxg6 hxg6 16. Qd3 1/2-1/2

[Event "4NCL Division Four"]
[Site "Daventry, ENG"]
[Date "2023.01.07"]
[Round "3.81"]
[White "Duncan, Patrick C M"]
[Black "Abbott, Nathan J"]
[Result "1/2-1/2"]
[WhiteElo "2074"]
[BlackElo "1959"]
[PlyCount "39"]
[EventDate "2023.01.07"]
[WhiteTeam "MASCeteers"]
[BlackTeam "Anglian Avengers 2"]

1. b3 d5 2. Bb2 Bf5 3. d3 e6 4. Nd2 Nf6 5. g3 h6 6. Bg2 Be7 7. Ngf3 O-O 8. O-O
Nbd7 9. Re1 Bh7 10. e4 c6 11. e5 Ne8 12. Qe2 a5 13. a3 b5 14. Kh1 Rc8 15. Ng1
Qb6 16. Ra2 Nc7 17. f4 b4 18. a4 c5 19. Ngf3 Qa6 20. Bf1 1/2-1/2

[Event "4NCL Division Four"]
[Site "Daventry, ENG"]
[Date "2023.01.07"]
[Round "3.82"]
[White "Hampton, Christopher"]
[Black "Hazlehurst, Cory S"]
[Result "0-1"]
[WhiteElo "1978"]
[BlackElo "2039"]
[PlyCount "62"]
[EventDate "2023.01.07"]
[WhiteTeam "Anglian Avengers 2"]
[BlackTeam "MASCeteers"]

1. d4 Nf6 2. c4 Nc6 3. Nf3 e6 4. Nc3 Bb4 5. Bd2 O-O 6. e3 d6 7. a3 Bxc3 8. Bxc3
Ne4 9. Qc2 Nxc3 10. Qxc3 a5 11. Bd3 Qe7 12. O-O e5 13. d5 Nb8 14. e4 a4 15. c5
Nd7 16. cxd6 cxd6 17. Rac1 Nc5 18. Nxe5 Nb3 19. Nc4 Nxc1 20. Rxc1 Bg4 21. f3
Rac8 22. fxg4 b5 23. Qd4 Qg5 24. Rc3 bxc4 25. Bxc4 Rb8 26. Rc2 Qxg4 27. Be2 Qd7
28. Rc4 Rfc8 29. Rxa4 Rxb2 30. Qxb2 Qxa4 31. Qb4 Qa7+ 0-1

[Event "4NCL Division Four"]
[Site "Daventry, ENG"]
[Date "2023.01.07"]
[Round "3.83"]
[White "Hurney, Kevin"]
[Black "Slonczuk, Pawel"]
[Result "1-0"]
[WhiteElo "2028"]
[BlackElo "1691"]
[PlyCount "117"]
[EventDate "2023.01.07"]
[WhiteTeam "MASCeteers"]
[BlackTeam "Anglian Avengers 2"]

1. e4 c5 2. Nf3 d6 3. d4 cxd4 4. Nxd4 Nf6 5. Nc3 a6 6. Be2 e5 7. Nb3 Be7 8. a4
Be6 9. O-O O-O 10. Bg5 Nxe4 11. Bxe7 Nxc3 12. Bxd8 Nxd1 13. Be7 Re8 14. Rfxd1
Rxe7 15. Rxd6 Nc6 16. Nc5 Nd4 17. Bd3 Rc8 18. Nxe6 Nxe6 19. c3 Rd8 20. Rxd8+
Nxd8 21. Rd1 Ne6 22. Bc4 Kf8 23. Kf1 Nc5 24. a5 Rc7 25. Bd5 Ke7 26. Ke2 Na4 27.
Rd2 f5 28. f3 Nc5 29. Kd1 Ne6 30. g3 g5 31. Kc2 Rd7 32. Bxe6 Rxd2+ 33. Kxd2
Kxe6 34. g4 h6 35. c4 e4 36. Ke3 Ke5 37. gxf5 exf3 38. Kxf3 Kxf5 39. b4 Ke5 40.
Kg4 Kd4 41. Kh5 Kxc4 42. Kxh6 g4 43. Kg5 g3 44. hxg3 Kxb4 45. Kf4 Kxa5 46. g4
b5 47. g5 b4 48. Ke3 Ka4 49. g6 b3 50. Kd2 Ka3 51. g7 a5 52. g8=Q a4 53. Qc4 b2
54. Qc5+ Ka2 55. Qd5+ Ka1 56. Qd4 Kb1 57. Qg1+ Ka2 58. Kc2 Ka3 59. Qb1 1-0

[Event "4NCL Division Four"]
[Site "Daventry, ENG"]
[Date "2023.01.07"]
[Round "3.84"]
[White "Ferris, Oliver"]
[Black "Moss, Jack"]
[Result "0-1"]
[WhiteElo "1491"]
[BlackElo "1860"]
[PlyCount "96"]
[EventDate "2023.01.07"]
[WhiteTeam "Anglian Avengers 2"]
[BlackTeam "MASCeteers"]

1. e4 e5 2. Nf3 Nc6 3. Bb5 Nge7 4. O-O g6 5. Nc3 Bg7 6. d3 O-O 7. Bd2 d6 8. Ne2
Bg4 9. Nc1 Bxf3 10. Qxf3 Nd4 11. Qd1 Nxb5 12. Nb3 Nd4 13. Nxd4 exd4 14. f4 f5
15. Qe2 Qd7 16. Rf3 Rae8 17. Raf1 Nd5 18. Re1 c5 19. Qd1 Ne3 20. Bxe3 dxe3 21.
exf5 Qxf5 22. c3 d5 23. Qb1 c4 24. d4 Qxb1 25. Rxb1 e2 26. Re1 Re4 27. g3 b5
28. Rf2 Rfe8 29. Kg2 a5 30. Kf3 Re3+ 31. Kg2 b4 32. Rf3 a4 33. Kf2 Rxf3+ 34.
Kxf3 a3 35. bxa3 b3 36. axb3 cxb3 37. Kf2 b2 38. a4 Bf6 39. a5 Bd8 40. a6 Ba5
41. a7 Bxc3 42. Rxe2 Bxd4+ 43. Kf3 Ra8 44. Re1 Rxa7 45. Rb1 Ra1 46. Rxa1 bxa1=Q
47. Kg4 Qd1+ 48. Kg5 Qh5# 0-1

[Event "4NCL Division Four"]
[Site "Daventry, ENG"]
[Date "2023.01.07"]
[Round "3.85"]
[White "Drugan, Mark A"]
[Black "Collins, Nigel"]
[Result "1-0"]
[WhiteElo "1802"]
[BlackElo "1400"]
[PlyCount "97"]
[EventDate "2023.01.07"]
[WhiteTeam "MASCeteers"]
[BlackTeam "Anglian Avengers 2"]

1. e4 c5 2. Nf3 d6 3. Bb5+ Nd7 4. c4 e6 5. O-O Ngf6 6. Re1 Be7 7. d3 h6 8. Nc3
O-O 9. Ba4 Nb6 10. Bc2 e5 11. Rb1 Nbd7 12. b4 b6 13. bxc5 bxc5 14. Bd2 Rb8 15.
Ba4 Nb6 16. Qb3 Bd7 17. Bxd7 Nfxd7 18. Qa3 Rb7 19. Nb5 Qa8 20. Ba5 Rfb8 21. Nc3
Bd8 22. Nd2 Bc7 23. h3 Nc8 24. Bxc7 Rxc7 25. Rxb8 Qxb8 26. Rb1 Rb7 27. Rxb7
Qxb7 28. Nb3 Ndb6 29. Nb5 Qd7 30. Qa6 f5 31. f3 fxe4 32. fxe4 Qf7 33. Qa5 Qf4
34. Qe1 a6 35. Nc7 Na4 36. Nd5 Qg5 37. Qa5 Nb2 38. Qc7 Nxd3 39. Qxc8+ Kh7 40.
Qf8 Nf4 41. Nxf4 exf4 42. Qf5+ Qxf5 43. exf5 g5 44. Na5 Kg7 45. Nb7 d5 46. cxd5
c4 47. Kf1 Kf6 48. d6 Kxf5 49. d7 1-0

[Event "4NCL Division Four"]
[Site "Daventry, ENG"]
[Date "2023.01.07"]
[Round "3.86"]
[White "Calumpiano, Raf"]
[Black "Isik, Muhammed Oguz"]
[Result "0-1"]
[WhiteElo "1328"]
[BlackElo "1711"]
[PlyCount "112"]
[EventDate "2023.01.07"]
[WhiteTeam "Anglian Avengers 2"]
[BlackTeam "MASCeteers"]

1. d4 Nf6 2. Bf4 e6 3. e3 c5 4. Nf3 Qb6 5. b3 Nc6 6. a3 Nd5 7. Bg3 cxd4 8. Nxd4
Qa5+ 9. Qd2 Bb4 10. axb4 Qxa1 11. Qd1 Nxd4 12. exd4 Nxb4 13. Bd6 Qa5 14. Nd2
Nd5 15. Qg4 Qa1+ 16. Qd1 Qxd4 17. Bd3 Nc3 18. Qa1 Qxd6 19. Qxc3 O-O 20. O-O Qc6
21. Qe5 f5 22. Qe2 d6 23. Rd1 Kh8 24. Nc4 b5 25. Na5 Qc3 26. Qd2 Qxd2 27. Rxd2
a6 28. Be2 d5 29. c4 dxc4 30. bxc4 bxc4 31. Bxc4 Rb8 32. h3 Rb1+ 33. Kh2 Ra1
34. Nb3 Ra4 35. Be2 Bb7 36. Nc5 Rb4 37. Nxe6 Re8 38. Nc7 Rc8 39. Nxa6 Bxa6 40.
Bxa6 Rcb8 41. Rd5 g6 42. Re5 Re4 43. Rc5 Rb2 44. Kg3 Ra4 45. Bc4 Rc2 46. Rc8+
Kg7 47. Bb3 f4+ 48. Kh2 Rxc8 49. Bxa4 Kf6 50. h4 Rd8 51. Kh3 h6 52. g4 fxg3 53.
fxg3 Rd2 54. Bc6 g5 55. h5 Kf5 56. g4+ Kf4 0-1

[Event "4NCL Division Four"]
[Site "Daventry, ENG"]
[Date "2023.01.07"]
[Round "3.91"]
[White "Burgess, Jasmine"]
[Black "Ireland, David J"]
[Result "0-1"]
[WhiteElo "1722"]
[BlackElo "1971"]
[PlyCount "60"]
[EventDate "2023.01.07"]
[WhiteTeam "She Plays To Win Uni"]
[BlackTeam "Coventry"]

1. e4 c5 2. Nc3 Nc6 3. f4 g6 4. Bb5 Nd4 5. Bc4 Bg7 6. Nf3 e6 7. e5 d5 8. exd6
Qxd6 9. d3 Ne7 10. Ne4 Qc7 11. c3 Nxf3+ 12. Qxf3 Bd7 13. Be3 Bc6 14. Qh3 b5 15.
Bb3 c4 16. Bc2 cxd3 17. Bxd3 Rd8 18. Bc2 Nf5 19. O-O b4 20. Kh1 bxc3 21. Nxc3
O-O 22. Bxf5 gxf5 23. Rac1 Qb7 24. Bc5 Rd2 25. Rg1 Rfd8 26. Qg3 R8d3 27. Rcd1
Bxg2+ 28. Qxg2 Rxg2 29. Rxg2 Rxd1+ 30. Nxd1 Qd5 0-1